Granice Państw - Statystyki

Ogólne statystyki
  • Ten quiz został rozwiązany 148 razy
  • Średni wynik to 13 z 16
Statystyki odpowiedzi
Obrazkowy Odpowiedź % Poprawnych
Brazylia
99%
Rosja
94%
USA
93%
Litwa
91%
Japonia
90%
Hiszpania
89%
Indonezja
88%
Indie
87%
Kazachstan
81%
RPA
81%
Libia
80%
Belgia
79%
Kuba
79%
Wenezuela
72%
Gruzja
69%
Tanzania
56%
Nie znaleziono quizów pasujących do podanych kryteriów
Rozkład punktacji
Procent ludzi z każdym wynikiem
Percentyl według liczby udzielonych odpowiedzi
Twoja historia wyników
Nie rozwiązałeś tego quizu